| 000 | 05924cam a22003377a 4500 | ||
|---|---|---|---|
| 005 | 20170927150022.0 | ||
| 008 | 981203s1748 it f 000 0 lat d | ||
| 040 |
_aGEBAY _bspa _cSandra Yazo (modificó) _dSandra Yazo (modificó) |
||
| 041 | 0 | _alat | |
| 082 | 0 | 4 |
_220 _a262.5 |
| 092 | _aE26N001 | ||
| 100 | 1 |
_aMansi, Giovanni Domenico _d1692-1769 _936211 |
|
| 242 | 0 | 0 |
_aNueva recopilación de los Santos Concilios y sus Decretos. _bSuplemento a la colección sobre los Concilios publicada inicialmente por los sacerdotes jesuitas Felipe Labé y Gabriel Cossart y posteriormente corregida y ampliada en Venecia por el P. Nicolás Coleti. En el cual se incluyen adiciones, lecturas variantes, nuevos Concilios y nuevos Decretos _cTodas ellas tomadas de las publicaciones del P. Juan Domingo Mansi, de los manuscritos greco-latinos hallados por él en diferentes lugares. Y de sus anotaciones históricas, críticas, cronológicas y dogmáticas. _nTomo Primero _pDesde el siglo I –el siglo de Cristo- hasta el año 1073 _nTomo Segundo _pDesde el año 1074 hasta el año 1271 _nTomo Quinto _pDesde el año 1415 hasta el año 1600 _yspa |
| 245 | 1 | 0 |
_aSanctorum Conciliorum et Decretorum collectio nova _bseu collectio Conciliorum a PP. Philippo Labbeo et Gabriele Cossartio Soc. Iesu Presbyteri primum vulgatae dein emendatioris et amplioris opera Nicolai Coleti ... Venetiis recusae Supplementum in quo additamenta, variantes lectiones ... _cnova itidem concilia ac decreta permulta exhibentur omnia ex editis et M. SS. Codicibus undique quaesitis graecis latinisque, collegit, digessit, additisque praefationibus historicis, criticis, chronologicis, dogmaticis illustravit Ioannes Dominicus Mansi ... _n Tomus Primus _pA saeculo christiano usque ad annum MLXXIII _nTomus secundus _pAb anno MLXXIV usque ad annum MCCLXXI _nTomus Quintus _pAb anno MCCCCXV (sic) usque ad annum MDC |
| 260 |
_aLucae [Lucca] (Italia) _bEx typographia Josephi Salani, et Vicentii Junctinii [Imprenta de José Salani y de Vicente Giuntini] _c1748 -1751 |
||
| 300 |
_a[16] páginas, 1360 ; 49 - 1256, 96 columnas ; vi páginas, 1350 columnas _c38 x 24 cm. |
||
| 500 | _aDetalles físicos: Sin encuadernación original, actualmente encuadernación rígida (holandesa) en cartón duro forrado en papel jaspeado café y ocre (deteriorado en bordes y esquinas) con lomo en tela texturizada (marrón), con tejuelo de tela, en color verde oliva, con letras en dorado. Ejemplares en mal estado de conservación. Texto impreso en una y dos columnas, con caracteres romanos. Signaturas y Reclamos. Hojas con deterioro por humedad, algunas manchadas y rotas que afectan el texto.V.1 ejemplar mútilo, falta texto al inicio y final de la obra incluyendo la portada. V.2 texto incompleto, sin portada, incluye un apéndice. V.5 sin portada, perforaciones de insectos (col. 59 - 62), texto completo | ||
| 505 | 2 | _aV.1: Relación Cronológica de los Papas, desde San Pedro.Cartas y documentos dirigidos a diferentes personajes.Las Constituciones Apostólicas.El Sínodo de Grecia (Víctor I).Sínodo de Aquileya.Concilio de Elvira (Eusebio Papa).Cartas del Papa Silvestre I.Adiciones sobre el concilio Romano II Y DE Antioquía.Sobre los Concilios de Sardes y Sirmio.Cartas del Papa Dámaso.Sobre el Concilio III de Cartago.Obre el Concilio de Alejandría.Cartas del Papa Inocencio I.Sobre el VI Concilio de Cartago.Sobre el Concilio de Letrán.Documentos de Carlo Magno.Adiciones al Concilio de Lyon del 829.Concilio de Milán.Cartas del Papa Formoso.Concilio de Constantinopla para la unión con los griegos.Concilio Romano (Juan XIII) -- V.2: Segundo conciliábulo de Roma (1085).Concilios de Gloucester y de Maguncia.Cartas y Decretos del Papa Urbano II.Concilio II de Reims.Sínodo de Estergom (1092).Cartas del Papa Pascual II.Concilio de Amalfi.Concilio de Milán.Concilio de los Griegos.Concilio Lateranense (1111).Concilio de Colonia (1115).Concilios de Londres y de Lyon.Cartas del Papa Inocencio II.Cartas del Papa Eugenio III.Concilios de Magdeburgo y de París.Concilio de Pavía (1160).Discusión de Teoriano con el Patriarca de los Armenios.Cartas del Papa Urbano III.Concilio de Constantinopla (1186).Concilios de Londres y de Canterbury -- Apéndices a Concilios de siglos anteriores -- V.5: Concilio Ecuménico de Basilea.Concilio de Lausana.El Concilio Ecuménico de Florencia.Concilio de los Griegos.Concilio de Maguncia.Concilio de Mantua.Conciliábulo de Pisa (1511).Concilio y Constituciones de York.Concilio Provincial de Florencia.Concilio de Canterbury (1522).El Concilio Ecuménico de Trento.Concilio de Edinburgo.Concilio de Ravena.Concilio de Urbino.Concilio de Capua.Concilio Florentino (1573).Concilio de Nápoles (1576).Concilio de Salerno.Concilio de Amalfi | |
| 506 | _aConsutla en sala | ||
| 546 | _aTexto en latín y en griego | ||
| 610 | 2 | 4 |
_aIglesia Católica _93579 |
| 650 | 7 |
_911476 _aConcilios y sínodos |
|
| 690 |
_aIglesias _917149 |
||
| 700 | 1 |
_aCossart, Gabriel _d1615-1674 _936213 |
|
| 700 | 1 |
_aLabbé, Philippe _d1607-1667 _936212 |
|
| 856 | 4 | 1 |
_uhttp://books.google.es/books?ei=jweYT425AeTjiAKkrcDQDw&sqi=2&hl=es&id=entaAAAAYAAJ&dq=Sanctorum+Conciliorum+et+Decretorum+Collectio+nova+a+patre+Ioanne+Domenico+Mansi&jtp=1#v=onepage&q&f=false _zDisponible en línea V.1 |
| 856 | 4 | 1 |
_uhttp://books.google.com.co/books?id=uHlaAAAAYAAJ&printsec=frontcover&dq=Sanctorum+conciliorum+volumen+2&hl=es&sa=X&ei=6-p2UYrmFsmpiQKjy4CQDg&ved=0CDUQ6AEwAQ#v=onepage&q&f=false _zDisponible en línea V.2 |
| 856 | 4 | 1 |
_uhttp://books.google.co.in/books?id=6n1aAAAAYAAJ&printsec=frontcover&hl=es&source=gbs_ge_summary_r&cad=0#v=onepage&q&f=false _zDisponible en línea V.3 |
| 856 | 4 | 1 |
_uhttp://books.google.com.co/books?id=B31aAAAAYAAJ&printsec=frontcover&dq=Sanctorum+conciliorum+volumen+5&hl=es&sa=X&ei=XvJ2UaTwJYWRiALJ-4DoDg&ved=0CDUQ6AEwAQ#v=onepage&q&f=false _zDisponible en línea V.4 |
| 942 |
_cLIBRO _e1 _2LOCAL _hE26N001 |
||
| 999 |
_c166311 _d166311 |
||